000 00664nam a2200289Ia 4500
005 20260324134205.0
008 008 260324s9999 xx 000 0 eng d
020 _a9780203714737
037 _aEBOOK
040 _aCRL
040 _beng
040 _cCRL
041 _2eng
041 _aeng
084 _qCRL
100 _aPaul Allen Miller
_91187943
245 0 _aLatin Erotic Elegy
245 3 _bAn Anthology and Reader
260 _bTaylor and Francis
260 _c2002
365 _a
365 _b230
856 _uhttp://www.taylorfrancis.com/books/9780203714737
942 _cEBOOK
999 _c1795705
_d1795705